|
|
|
|
| LEADER |
00971ncm a22002652a 4500 |
| 001 |
000468359 |
| 003 |
CZ BrMZK |
| 005 |
20140422115710.0 |
| 007 |
qu |
| 008 |
000105s1947 xr f cze d |
| 040 |
|
|
|a BOA001
|b cze
|
| 072 |
|
7 |
|a 788
|x Hudba pro dechové nástroje
|2 Konspekt
|9 9
|
| 100 |
1 |
|
|a Čebiš, Josef
|7 mzk2011661208
|4 cmp
|
| 245 |
1 |
0 |
|a Bezovka
|h [hudebnina] :
|b polka /
|c hudba Josef Čebiš ; slova Fr. Kaňka. Andělíčku můj : lidová polka / hudba a slova Áda Siegl
|
| 260 |
|
|
|a Praha :
|b František Kudelík,
|c 1947
|
| 300 |
|
|
|a 1 sv. (na volných listech)
|
| 490 |
1 |
|
|a Dechová hudba
|
| 700 |
1 |
|
|a Siegl, Ada,
|d 1905-1989
|7 jx20090722007
|4 cmp
|4 lyr
|
| 700 |
1 |
|
|a Kaňka, František
|7 mzk2014817472
|4 lyr
|
| 740 |
0 |
2 |
|a Andělíčku můj
|
| 830 |
|
0 |
|a Dechová hudba (Kudelík)
|
| 910 |
|
|
|a BOA001
|b Mus1-0193.214
|
| 990 |
|
|
|a MU
|
| 991 |
|
|
|b 201102
|
| 996 |
6 |
|
|b 2619746043
|c Mus1-0193.214
|l MZK
|r Sklad / do 1 hodiny
|n 4
|w 000468359
|u 000010
|a 1
|e BOA001
|j MZK50
|s P
|